| 000 | 00628nam a22001937a 4500 | ||
|---|---|---|---|
| 999 |
_c10919 _d10919 |
||
| 003 | AR-CdUCM | ||
| 008 | 190402b ||||| |||| 00| 0 spa d | ||
| 040 |
_aMUNICIPALIDAD PROVINCIAL DEL CUSCO _cBIBLIOTECA MUNICIPAL DEL CUSCO |
||
| 082 |
_aEP / 372.461 / _bZ37 |
||
| 100 |
_aZapata Misad, Ruth Maria _927736 |
||
| 245 |
_aNuevo Jilguerito : _bAprestamiento / |
||
| 260 |
_aLima : _bNavarrete, _c1994. |
||
| 300 |
_a63 paginas ; _bilustraciones, graficos, dibujos, cuadros, _c28 cm. |
||
| 440 |
_aEdiciones Coquito _927992 |
||
| 500 | _aAprestamiento | ||
| 650 |
_aAprestamiento _927898 |
||
| 942 |
_2ddc _cLIBROS |
||
| 945 | _apjha | ||